Normal view
MARC view
- Supervison Dr. Javaid Iqbal
Entry Personal Name
001 - CONTROL NUMBER
- control field: 70394
003 - CONTROL NUMBER IDENTIFIER
- control field: NUST
005 - DATE AND TIME OF LATEST TRANSACTION
- control field: 20210628204441.0
008 - FIXED-LENGTH DATA ELEMENTS
- fixed length control field: 210628|| aca||aabn | a|a d
040 ## - CATALOGING SOURCE
- Original cataloging agency: NUST
- Transcribing agency: NUST
100 ## - HEADING--PERSONAL NAME
- Personal name: Supervison Dr. Javaid Iqbal
670 ## - SOURCE DATA FOUND
- Source citation: Work cat.: (NUST): Syeda Sara Habib 15497, TH-SOF-1171-Urban Scene Detection by Material Mapping Using Hyper Spectral Imaging, 2015
